Madrid bajo las bombas / (Record no. 65369)

MARC details
000 -LEADER
campo de control de longitud fija 00840nam a2200229 i 4500
001 - NÚMERO DE CONTROL
campo de control 65369
003 - IDENTIFICADOR DE NÚMERO DE CONTROL
campo de control ES-MaACL
005 - FECHA Y HORA DE LA ÚLTIMA TRANSACCIÓN
campo de control 20250721131120.0
008 - DATOS DE LONGITUD FIJA--INFORMACIÓN GENERAL
campo de control de longitud fija 040112s1931 sp |||| |dspa d
100 1# - ENTRADA PRINCIPAL--NOMBRE DE PERSONA
Nombre de persona Franco, Ramón,
Fechas asociadas al nombre 1896-1938
9 (RLIN) 52245
245 10 - MENCIÓN DEL TÍTULO
Título Madrid bajo las bombas /
Mención de responsabilidad, etc. Ramón Franco Bahamonde.
260 ## - PUBLICACIÓN, DISTRIBUCIÓN, ETC.
Lugar de publicación, distribución, etc. Madrid :
Nombre del editor, distribuidor, etc. Zeus,
Fecha de publicación, distribución, etc. [1931] (
Fabricante Imp. Zoila Ascasibar)
300 ## - DESCRIPCIÓN FÍSICA
Extensión XV, 265 p. ;
Dimensiones 19 cm.
530 ## - NOTA DISPONIBLE DE FORMULARIO FÍSICO ADICIONAL
Nota de formato físico adicional disponible Disponible en formato digital.
600 14 - PUNTO DE ACCESO ADICIONAL DE MATERIA--NOMBRE DE PERSONA
Nombre de persona Franco, Ramón,
Fechas asociadas al nombre 1896-1938
9 (RLIN) 52245
651 #4 - PUNTO DE ACCESO ADICIONAL DE MATERIA--NOMBRE GEOGRÁFICO
Nombre geográfico España-
Subdivisión general Historia-
Subdivisión cronológica 1902-1931, Alfonso XIII
9 (RLIN) 8276
651 #4 - PUNTO DE ACCESO ADICIONAL DE MATERIA--NOMBRE GEOGRÁFICO
Nombre geográfico Madrid-
Subdivisión general Historia-
Subdivisión cronológica 1931-1939.
9 (RLIN) 170920
852 ## - LOCALIZACIÓN
Ubicación ES-MaACL
Número de control de estantería B-9063
Ubicación en estantería Sala Pardo Bazán
Nota libre Revisado enlace: 21 de julio de 2025
856 4# - LOCALIZACIÓN Y ACCESO ELECTRÓNICOS
Identificador Uniforme de Recursos <a href="http://bdh-rd.bne.es/viewer.vm?id=0000251160&page=1 ">http://bdh-rd.bne.es/viewer.vm?id=0000251160&page=1 </a>
Texto de enlace Biblioteca Digital Hispánica
942 ## - ELEMENTOS DE ENTRADA SECUNDARIOS (KOHA)
Fuente del sistema de clasificación o colocación Clasificación decimal universal
Holdings
Estatus retirado Estado de pérdida Estado de daño No para préstamo Colección Biblioteca de origen Biblioteca actual Ubicación en estantería Fecha de adquisición Fuente de adquisición Total de préstamos Signatura topográfica completa Código de barras Visto por última vez Precio de reemplazo Tipo de ítem Koha
        Colección digital Biblioteca del Ateneo de Madrid Biblioteca del Ateneo de Madrid Sala Pardo Bazán 17/01/2008     B-9063 1068488 23/02/2023 23/02/2023 Libro impreso